[Event "46th World Open"]
[Site "Philadelphia"]
[Date "2018.07.05"]
[Round "2"]
[White "Wang, Qibiao"]
[Black "Lenderman, Aleksandr"]
[Result "0-1"]
[WhiteElo "2337"]
[BlackElo "2615"]
[PlyCount "178"]
[EventDate "2018.07.??"]
[EventType "swiss"]
[EventRounds "9"]
[EventCountry "USA"]

1. d4 Nf6 2. Nf3 d5 3. Bf4 c5 4. e3 Nc6 5. c3 Qb6 6. Qc1 Bf5 7. h3 h6 8. Nbd2
e6 9. dxc5 Bxc5 10. Nb3 Be7 11. Nfd4 Be4 12. a4 e5 13. a5 Qc7 14. Bh2 a6 15.
Nxc6 bxc6 16. Nd2 Bh7 17. Be2 O-O 18. c4 Bb4 19. O-O Qe7 20. Nf3 Bd6 21. b3 e4
22. Bxd6 Qxd6 23. c5 Qc7 24. Nd4 Nd7 25. Qc3 Rfe8 26. Ra4 Reb8 27. Rc1 Qb7 28.
Qe1 Nf8 29. Bg4 Ng6 30. Rc3 Ne5 31. Be2 f5 32. f4 exf3 33. gxf3 Re8 34. Qg3 Qc8
35. Rb4 f4 36. exf4 Nd7 37. f5 Qd8 38. Nxc6 Qf6 39. Nd4 Bxf5 40. Qf4 Re5 41. c6
Nf8 42. c7 Ng6 43. Rb8+ Kh7 44. Qg3 Re8 45. Rxa8 Qxd4+ 46. Qf2 Qxf2+ 47. Kxf2
Rxa8 48. Rc6 Ne7 49. Rxa6 Rc8 50. Ra7 Nc6 51. Rb7 Nxa5 52. Rb5 Nxb3 53. Rxb3
Rxc7 54. Bd3 Bxd3 55. Rxd3 Rd7 56. Ke3 Kg6 57. Rd4 Re7+ 58. Kf4 Rf7+ 59. Kg3
Rd7 60. Kf4 Kh5 61. Kg3 Kg5 62. h4+ Kf5 63. Kf2 h5 64. Ke3 Re7+ 65. Kf2 Ke5 66.
Ke3 Ra7 67. Rb4 d4+ 68. Ke2 Ra2+ 69. Kd3 Ra3+ 70. Ke2 Re3+ 71. Kf2 Ra3 72. Rb7
Ra2+ 73. Kg3 Ra1 74. Rb5+ Ke6 75. Kf4 Re1 76. Rb6+ Kd5 77. Rg6 Re7 78. Rg5+ Kc6
79. Rxh5 d3 80. Ra5 d2 81. Ra6+ Kc5 82. Ra5+ Kc4 83. Ra4+ Kc3 84. Ra3+ Kb2 85.
Rd3 Kc2 86. Rd8 d1=Q 87. Rxd1 Kxd1 88. Kf5 Rf7+ 89. Kg6 Rxf3 0-1

[Event "46th World Open"]
[Site "Philadelphia"]
[Date "2018.07.05"]
[Round "3.1"]
[White "Le, Quang Liem"]
[Black "Rozman, Levy"]
[Result "1-0"]
[WhiteElo "2728"]
[BlackElo "2417"]
[PlyCount "99"]
[EventDate "2018.07.??"]
[EventType "swiss"]
[EventRounds "9"]
[EventCountry "USA"]

1. c4 e5 2. g3 Nc6 3. Bg2 Bc5 4. Nc3 a6 5. Nf3 d6 6. e3 Bg4 7. h3 Bh5 8. a3
Nge7 9. O-O O-O 10. d3 f6 11. b4 Ba7 12. Bb2 Bf7 13. Qe2 Qd7 14. Rfd1 d5 15.
cxd5 Nxd5 16. Ne4 Rfe8 17. Rac1 Rad8 18. Nc5 Bxc5 19. Rxc5 Nb6 20. Ba1 Nc4 21.
Bb2 e4 22. Ne1 b6 23. Rxc6 Qxc6 24. dxc4 Bxc4 25. Qc2 Rxd1 26. Qxd1 Qd5 27.
Qxd5+ Bxd5 28. Bf1 Ra8 29. Bd4 a5 30. b5 Kf7 31. f3 exf3 32. Kf2 Rc8 33. Nxf3
c5 34. Bc3 Re8 35. Nd2 Ke7 36. e4 Be6 37. Nc4 Bxc4 38. Bxc4 Kd6 39. Kf3 Rf8 40.
Kf4 Re8 41. a4 Rf8 42. h4 Ke7 43. h5 g6 44. g4 Kd6 45. h6 Ke7 46. Bd5 Kd6 47.
g5 fxg5+ 48. Kxg5 c4 49. Bd4 Rc8 50. Kf6 1-0

[Event "46th World Open"]
[Site "Philadelphia"]
[Date "2018.07.05"]
[Round "3.3"]
[White "Sheng, Joshua"]
[Black "Ipatov, Alexander"]
[Result "0-1"]
[WhiteElo "2411"]
[BlackElo "2650"]
[PlyCount "76"]
[EventDate "2018.07.??"]
[EventType "swiss"]
[EventRounds "9"]
[EventCountry "USA"]

1. e4 e5 2. Nf3 Nc6 3. d4 exd4 4. Nxd4 Bb4+ 5. c3 Be7 6. Nf5 Bf6 7. Ne3 g6 8.
Bc4 d6 9. O-O Bg7 10. f4 Nf6 11. Nd2 O-O 12. Bd3 Re8 13. Qf3 d5 14. Nxd5 Nxd5
15. exd5 Nd4 16. Qd1 Nf5 17. Qb3 Ne3 18. Re1 Nxg2 19. Rxe8+ Qxe8 20. Kxg2 Qe3
21. Bf1 Bh3+ 22. Kh1 Bxf1 23. Nxf1 Qf3+ 24. Kg1 Re8 25. Be3 Rxe3 26. Nxe3 Qxe3+
27. Kh1 Qe4+ 28. Kg1 Bf8 29. Qd1 Bc5+ 30. Kf1 Qxf4+ 31. Kg2 Qf2+ 32. Kh1 Bd6
33. Qg1 Qxb2 34. Rb1 Qxa2 35. Rxb7 Qxd5+ 36. Qg2 Qd1+ 37. Qg1 Qf3+ 38. Qg2 Qxc3
0-1

[Event "46th World Open"]
[Site "Philadelphia"]
[Date "2018.07.05"]
[Round "3.4"]
[White "Bruzon Batista, Lazaro"]
[Black "Lee, Michael"]
[Result "1-0"]
[WhiteElo "2646"]
[BlackElo "2414"]
[PlyCount "51"]
[EventDate "2018.07.??"]
[EventType "swiss"]
[EventRounds "9"]
[EventCountry "USA"]

1. Nf3 d5 2. g3 Nf6 3. Bg2 c5 4. c4 Nc6 5. cxd5 Nxd5 6. d4 Nc7 7. Be3 Nd5 8.
Bc1 Nc7 9. e3 e6 10. O-O Be7 11. dxc5 Qxd1 12. Rxd1 Bxc5 13. Nc3 O-O 14. b3 Be7
15. Bb2 Rd8 16. Rxd8+ Bxd8 17. Rd1 Be7 18. Nd2 Bd7 19. Nc4 Rd8 20. Nd6 Bc8 21.
Nxc8 Rxc8 22. Kf1 Bf6 23. Bxc6 bxc6 24. Rd7 Kf8 25. Ne4 e5 26. Nd6 1-0

[Event "46th World Open"]
[Site "Philadelphia"]
[Date "2018.07.05"]
[Round "3"]
[White "Acor, Corey"]
[Black "Stripunsky, Alexander"]
[Result "0-1"]
[WhiteElo "2269"]
[BlackElo "2530"]
[PlyCount "86"]
[EventDate "2018.07.??"]
[EventType "swiss"]
[EventRounds "9"]
[EventCountry "USA"]

1. d4 d5 2. Nf3 c6 3. e3 Bf5 4. Bd3 Bxd3 5. Qxd3 e6 6. Nbd2 f5 7. Ne5 Nd7 8.
Nxd7 Qxd7 9. b3 Nf6 10. f3 Bd6 11. Bb2 O-O 12. O-O Qc7 13. f4 g5 14. g3 Qg7 15.
Qe2 g4 16. a3 h5 17. c4 Kf7 18. Kf2 h4 19. Rg1 Rh8 20. Rg2 Rh6 21. Rf1 Rah8 22.
Ke1 hxg3 23. hxg3 Rh1 24. Kd1 R8h3 25. Rxh1 Rxh1+ 26. Kc2 Qh8 27. c5 Be7 28. b4
Qh3 29. Qf2 Kg6 30. Bc3 Ne4 31. Nxe4 fxe4 32. Qe2 Kf5 33. Qf2 Bd8 34. Qe2 Kg6
35. Qf2 Bf6 36. Qe2 Bh4 37. Qf2 Bxg3 38. Qxg3 Qxg3 39. Rxg3 Kh5 40. Rg2 Kh4 41.
Be1+ Rxe1 42. Rh2+ Kg3 43. Rh7 b5 0-1

[Event "46th World Open"]
[Site "Philadelphia"]
[Date "2018.07.05"]
[Round "3"]
[White "Colas, Joshua"]
[Black "Xiong, Jeffery"]
[Result "0-1"]
[WhiteElo "2322"]
[BlackElo "2655"]
[PlyCount "132"]
[EventDate "2018.07.??"]
[EventType "swiss"]
[EventRounds "9"]
[EventCountry "USA"]

1. Nf3 d5 2. d4 Nf6 3. e3 e6 4. Bd3 c5 5. O-O c4 6. Be2 b5 7. Ne5 Bb7 8. Nd2
Bd6 9. f4 Nc6 10. Nxc6 Bxc6 11. c3 b4 12. cxb4 Bxb4 13. b3 cxb3 14. Nxb3 Ne4
15. Bd3 O-O 16. a3 Be7 17. Nd2 Qd7 18. Nxe4 dxe4 19. Ba6 Rab8 20. Bd2 Bd5 21.
Qc2 Rb6 22. Be2 Rc8 23. Qd1 Rb2 24. Rf2 g6 25. Bf1 Bb3 26. Qe1 Rcc2 27. Rb1
Bxa3 28. Rxb2 Rxb2 29. Bb4 Rxf2 30. Bxa3 Qa4 31. Bd6 Ra2 32. Qh4 Qd7 33. Be5
Ra5 34. Qf6 Rxe5 35. Qxe5 Qb7 36. g4 Bd5 37. f5 a5 38. h4 gxf5 39. gxf5 f6 40.
Qd6 exf5 41. Qd8+ Kg7 42. Qxa5 f4 43. exf4 Qb3 44. Qc7+ Bf7 45. f5 Qe3+ 46. Kh2
Qf2+ 47. Bg2 Qxh4+ 48. Kg1 e3 49. Bd5 Qg4+ 50. Kh2 Qe2+ 51. Kg1 Qf2+ 52. Kh1
Qf1+ 53. Kh2 Qe2+ 54. Kg1 Qg4+ 55. Kh2 Qh5+ 56. Kg2 e2 57. Bxf7 Qxf7 58. Qg3+
Kf8 59. Kf2 Qd7 60. Kxe2 Qb5+ 61. Kd2 Qb2+ 62. Ke1 Qc1+ 63. Ke2 Qc2+ 64. Ke1
Qe4+ 65. Kd2 Qxd4+ 66. Ke2 Qe5+ 0-1

[Event "46th World Open"]
[Site "Philadelphia"]
[Date "2018.07.05"]
[Round "3"]
[White "Cooke, Eric"]
[Black "Roshan Idnani"]
[Result "1-0"]
[WhiteElo "2098"]
[BlackElo "1829"]
[PlyCount "73"]
[EventDate "2018.07.??"]
[EventType "swiss"]
[EventRounds "9"]
[EventCountry "USA"]

1. d4 Nf6 2. c4 g6 3. Nc3 Bg7 4. e4 d6 5. f3 O-O 6. Be3 c5 7. d5 a6 8. a4 Nbd7
9. Nh3 Ne5 10. Nf2 e6 11. Be2 exd5 12. cxd5 h5 13. O-O Rb8 14. h3 Re8 15. Qd2
Kh7 16. Bg5 Qc7 17. f4 Ned7 18. Bc4 Nb6 19. Ba2 c4 20. e5 dxe5 21. fxe5 Nfxd5
22. Nxd5 Nxd5 23. Qxd5 Be6 24. Qf3 Bxe5 25. Bf6 Bxf6 26. Qxf6 Bd5 27. Rad1 Rbd8
28. Qg5 Qc6 29. Rfe1 Rxe1+ 30. Rxe1 Rd7 31. Bb1 Qxa4 32. Qxh5+ Kg7 33. Qe5+ Kh7
34. Ng4 Rd8 35. Nf6+ Kh6 36. Nxd5 Qa5 37. Qe3+ 1-0

[Event "46th World Open"]
[Site "Philadelphia"]
[Date "2018.07.05"]
[Round "3"]
[White "Gabriel Ewing"]
[Black "Niemann, Hans"]
[Result "0-1"]
[WhiteElo "2032"]
[BlackElo "2313"]
[PlyCount "32"]
[EventDate "2018.07.??"]
[EventType "swiss"]
[EventRounds "9"]
[EventCountry "USA"]

1. d4 Nf6 2. c4 c6 3. Nc3 d5 4. Nf3 Bf5 5. e3 a6 6. Be2 h6 7. O-O e6 8. b3 Be7
9. Bb2 O-O 10. Rc1 Nbd7 11. h3 b5 12. Bd3 Bxd3 13. Qxd3 Qa5 14. Rc2 Ba3 15. e4
Bxb2 16. Rxb2 b4 0-1

[Event "46th World Open"]
[Site "Philadelphia"]
[Date "2018.07.05"]
[Round "3"]
[White "Homa, Seth"]
[Black "Kong, Dezheng"]
[Result "0-1"]
[WhiteElo "2239"]
[BlackElo "2062"]
[PlyCount "84"]
[EventDate "2018.07.??"]
[EventType "swiss"]
[EventRounds "9"]
[EventCountry "USA"]

1. c4 e5 2. Nc3 Nf6 3. Nf3 Nc6 4. e3 Bb4 5. Qc2 O-O 6. Nd5 Ba5 7. a3 Nxd5 8.
cxd5 Ne7 9. Nxe5 Nxd5 10. Nf3 d6 11. Be2 Bb6 12. O-O Be6 13. d4 Nf6 14. b4 Rc8
15. Rd1 Qe7 16. e4 h6 17. h3 Rfe8 18. Bd3 Qd7 19. Kh2 c6 20. Bb2 Bc7 21. e5 Nd5
22. Nh4 g6 23. Qd2 g5 24. g3 Bxh3 25. f4 gxh4 26. Rg1 Bg4 27. gxh4 h5 28. f5
dxe5 29. Qg5+ Kf8 30. Qh6+ Ke7 31. dxe5 f6 32. Be4 Kd8 33. Bxd5 cxd5 34. Rad1
Bxe5+ 35. Bxe5 Rxe5 36. Qf8+ Kc7 37. Rc1+ Kb8 38. Rxc8+ Qxc8 39. Qd6+ Ka8 40.
Rc1 Qb8 41. Rc7 Re2+ 42. Kg1 Rc2 0-1

[Event "46th World Open"]
[Site "Philadelphia"]
[Date "2018.07.05"]
[Round "3"]
[White "Jacobson, Brandon"]
[Black "Shimanov, Aleksandr"]
[Result "0-1"]
[WhiteElo "2397"]
[BlackElo "2626"]
[PlyCount "130"]
[EventDate "2018.07.??"]
[EventType "swiss"]
[EventRounds "9"]
[EventCountry "USA"]

1. d4 d6 2. Nf3 Nf6 3. c4 g6 4. Nc3 Bf5 5. Nh4 Bd7 6. Nf3 Bg7 7. e4 O-O 8. Be2
Nc6 9. d5 Nb4 10. O-O a5 11. Be3 Na6 12. Nd4 Nc5 13. f3 e5 14. dxe6 fxe6 15.
Nb3 Nxb3 16. Qxb3 b6 17. f4 a4 18. Qc2 Bc6 19. Bf3 Nd7 20. Rad1 Qc8 21. h4 Nc5
22. h5 Qe8 23. Ne2 gxh5 24. Ng3 Qg6 25. Nxh5 Bxe4 26. Bxe4 Nxe4 27. Nxg7 Kxg7
28. Bd4+ Kg8 29. Rde1 Ng3 30. Qxg6+ hxg6 31. Rf3 Nf5 32. Bc3 Rae8 33. Rh3 Ng7
34. Re4 Nh5 35. g4 Nf6 36. Re2 Kf7 37. Kg2 Rg8 38. Kf3 g5 39. Rh6 Rg6 40. fxg5
Rxh6 41. gxh6 Nh7 42. Bg7 Kg6 43. Kg2 e5 44. Re3 Ra8 45. Rf3 Ra5 46. b4 axb3
47. axb3 Ra2+ 48. Kg3 Rc2 49. Kh4 Rb2 50. Kg3 Ng5 51. Rf6+ Kh7 52. Rf5 Rxb3+
53. Kh4 Ne4 54. Rf7 Kg6 55. h7 Kxh7 56. Bxe5+ Kg8 57. Rf4 Nd2 58. Bf6 Rf3 59.
Rxf3 Nxf3+ 60. Kg3 Nd2 61. Bd8 Nxc4 62. Bxc7 b5 63. Kf3 b4 64. Ke2 b3 65. Kd3
Na3 0-1

[Event "46th World Open"]
[Site "Philadelphia"]
[Date "2018.07.05"]
[Round "3"]
[White "Kretchetov, Alexandre"]
[Black "Brown, Michael William"]
[Result "1/2-1/2"]
[WhiteElo "2242"]
[BlackElo "2512"]
[PlyCount "87"]
[EventDate "2018.07.??"]
[EventType "swiss"]
[EventRounds "9"]
[EventCountry "USA"]

1. d4 d5 2. c4 e6 3. Nc3 a6 4. cxd5 exd5 5. Nf3 Nf6 6. Bg5 Be6 7. e3 Nbd7 8.
Bd3 Bd6 9. O-O O-O 10. Rc1 Re8 11. h3 c6 12. Ne2 h6 13. Bf4 Qc7 14. a3 Nh5 15.
Qd2 Nxf4 16. Nxf4 Nf6 17. Nxe6 Rxe6 18. Nh4 Rae8 19. Qd1 g6 20. Nf3 Qe7 21. Nh2
Kg7 22. Re1 Nd7 23. Nf1 f5 24. Bb1 f4 25. Qd3 Nf8 26. Rc2 Qh4 27. Rce2 fxe3 28.
Rxe3 Qf6 29. Nd2 Bf4 30. Rxe6 Nxe6 31. Nf3 Bd6 32. h4 Nf4 33. Qd1 Rxe1+ 34.
Qxe1 Ne6 35. Qe3 Bb8 36. h5 g5 37. Qb3 Qe7 38. Qd3 Nf8 39. Qf5 Qe6 40. Kf1 Ba7
41. g4 a5 42. b3 c5 43. dxc5 Bxc5 44. a4 1/2-1/2

[Event "46th World Open"]
[Site "Philadelphia"]
[Date "2018.07.05"]
[Round "3"]
[White "Lehmann, Spencer"]
[Black "Lou, Yiping"]
[Result "0-1"]
[WhiteElo "2235"]
[BlackElo "2487"]
[PlyCount "84"]
[EventDate "2018.07.??"]
[EventType "swiss"]
[EventRounds "9"]
[EventCountry "USA"]

1. d4 Nf6 2. c4 e6 3. Nc3 Bb4 4. f3 d5 5. a3 Bxc3+ 6. bxc3 c6 7. Qc2 O-O 8. e4
dxe4 9. fxe4 e5 10. Nf3 exd4 11. e5 Re8 12. cxd4 Bg4 13. Bb2 c5 14. O-O-O Nfd7
15. d5 Bxf3 16. gxf3 Qg5+ 17. Kb1 Nxe5 18. Bd3 Qh4 19. Rhg1 Nbd7 20. f4 Ng6 21.
Rdf1 Nf6 22. Qg2 Re3 23. Bc2 Rae8 24. Bd1 Rh3 25. Rf2 Ne4 26. Re2 f5 27. Bc2
Qh5 28. Bxe4 fxe4 29. Rxe4 Qf5 30. Rge1 Rxh2 31. Qxh2 Rxe4 32. Rxe4 Qxe4+ 33.
Qc2 Qxc2+ 34. Kxc2 Nxf4 35. Be5 g5 36. Bd6 b6 37. Bb8 h5 38. Kd2 h4 39. Bc7 Kf7
40. Ke3 h3 41. Bxf4 gxf4+ 42. Kf3 b5 0-1

[Event "46th World Open"]
[Site "Philadelphia"]
[Date "2018.07.05"]
[Round "3"]
[White "Li, Ruifeng"]
[Black "Banik, Siddharth"]
[Result "1/2-1/2"]
[WhiteElo "2583"]
[BlackElo "2275"]
[PlyCount "59"]
[EventDate "2018.07.??"]
[EventType "swiss"]
[EventRounds "9"]
[EventCountry "USA"]

1. e4 e6 2. d4 d5 3. Nc3 Bb4 4. Nge2 dxe4 5. a3 Be7 6. Nxe4 Nf6 7. N2g3 Nc6 8.
c3 e5 9. dxe5 Qxd1+ 10. Kxd1 Nxe4 11. Nxe4 Nxe5 12. Bf4 f6 13. Bxe5 fxe5 14.
Bd3 O-O 15. f3 Be6 16. Kc2 Rad8 17. Rhe1 a5 18. a4 c6 19. Rad1 g6 20. Nf2 Bf6
21. Be4 Bh4 22. g3 Be7 23. Rxd8 Rxd8 24. Nd3 Bd6 25. Rd1 Bc7 26. Rd2 Kf8 27.
Nc5 Rxd2+ 28. Kxd2 Bc8 29. b4 Bb6 30. Nd3 1/2-1/2

[Event "46th World Open"]
[Site "Philadelphia"]
[Date "2018.07.05"]
[Round "3"]
[White "Liang, Hairan"]
[Black "Petrosian, Tigran L"]
[Result "0-1"]
[WhiteElo "2169"]
[BlackElo "2607"]
[PlyCount "94"]
[EventDate "2018.07.??"]
[EventType "swiss"]
[EventRounds "9"]
[EventCountry "USA"]

1. e4 g6 2. d4 Bg7 3. Nf3 d6 4. Bd3 Nf6 5. O-O O-O 6. Nbd2 c5 7. c3 Nc6 8. d5
Nb8 9. c4 e5 10. Re1 Nh5 11. Nf1 Nf4 12. Bc2 Bd7 13. Ne3 a5 14. Bd2 a4 15. b4
axb3 16. axb3 Na6 17. Bc3 f5 18. Kh1 Qf6 19. Rg1 Kh8 20. Qf1 Nh5 21. Qe2 f4 22.
Nf1 g5 23. Nh4 f3 24. Qxf3 Qxf3 25. Nxf3 g4 26. Nh4 Rxf2 27. Bd1 Bf6 28. Nf5
Bxf5 29. exf5 e4 30. Bxf6+ Nxf6 31. Ne3 h5 32. Re1 Rd2 33. Nf1 Rb2 34. Ng3 Re8
35. Re2 Rxe2 36. Bxe2 Re5 37. Ra5 h4 38. Nf1 Rxf5 39. Rb5 Rf2 40. Rxb7 Rxe2 41.
Kg1 e3 42. Re7 Nb4 43. Rxe3 Rb2 44. Re6 Kg7 45. g3 h3 46. Ne3 Nd3 47. Kf1 Kf7
0-1

[Event "46th World Open"]
[Site "Philadelphia"]
[Date "2018.07.05"]
[Round "3"]
[White "Max Li"]
[Black "Raja Harshit"]
[Result "1-0"]
[WhiteElo "1788"]
[BlackElo "2442"]
[PlyCount "96"]
[EventDate "2018.07.??"]
[EventType "swiss"]
[EventRounds "9"]
[EventCountry "USA"]

1. e4 c5 2. Nf3 d6 3. d4 cxd4 4. Nxd4 Nf6 5. Nc3 a6 6. Be3 Ng4 7. Bc1 Nf6 8.
Be3 e5 9. Nb3 Be6 10. f3 Be7 11. Qd2 O-O 12. O-O-O Nbd7 13. g4 b5 14. Kb1 b4
15. Ne2 a5 16. Ng3 a4 17. Nc1 b3 18. cxb3 axb3 19. Nf5 Bxf5 20. exf5 bxa2+ 21.
Ka1 d5 22. g5 d4 23. gxf6 Bxf6 24. Bf2 Bg5 25. Qe2 Qc7 26. Nd3 Bh6 27. Be1 Rfc8
28. Bd2 Qd6 29. Bxh6 Qxh6 30. Bg2 Re8 31. Qd2 Qf6 32. h4 h6 33. Rde1 Nb6 34. f4
Nc4 35. Qb4 Rac8 36. Nxe5 Ne3 37. Be4 Rxe5 38. fxe5 Qxe5 39. Bd3 Rb8 40. Qd2
Rb3 41. Rc1 Rb8 42. Rhg1 Qf4 43. Qa5 Qf2 44. Qxa2 Qf3 45. Qa6 Kh7 46. f6+ g6
47. Bxg6+ fxg6 48. Rc7+ Kh8 1-0

[Event "46th World Open"]
[Site "Philadelphia"]
[Date "2018.07.05"]
[Round "3"]
[White "Nestorovic, Nikola"]
[Black "Taylor, Timothy"]
[Result "1-0"]
[WhiteElo "2450"]
[BlackElo "2233"]
[PlyCount "81"]
[EventDate "2018.07.??"]
[EventType "swiss"]
[EventRounds "9"]
[EventCountry "USA"]

1. e4 d5 2. exd5 Nf6 3. Bb5+ Nbd7 4. d4 Nxd5 5. Nf3 c6 6. Be2 N7f6 7. c4 Nb6 8.
h3 Bf5 9. O-O e6 10. Be3 Be7 11. Qb3 O-O 12. Nc3 c5 13. Rfd1 Qc8 14. Rac1 Ne4
15. a4 Nd7 16. Nxe4 Bxe4 17. d5 exd5 18. cxd5 Bxf3 19. Bxf3 Bd6 20. Qb5 a6 21.
Qb3 b6 22. Qc2 Qe8 23. Re1 Qe5 24. g3 Qf6 25. Bg2 Rfe8 26. b3 Re7 27. Bd2 Rxe1+
28. Rxe1 Qd8 29. Bc3 b5 30. Qb2 b4 31. Bd2 c4 32. bxc4 a5 33. Be3 Rc8 34. Bd4
Qf8 35. Re4 Nc5 36. Bxg7 Qd8 37. Bf6 Qd7 38. Rg4+ Kf8 39. Qc2 Qxa4 40. Qxh7 Ke8
41. Rg8+ 1-0

[Event "46th World Open"]
[Site "Philadelphia"]
[Date "2018.07.05"]
[Round "3"]
[White "Rushaan Mahajan"]
[Black "Lu, Maximillian"]
[Result "1-0"]
[WhiteElo "1905"]
[BlackElo "2211"]
[PlyCount "69"]
[EventDate "2018.07.??"]
[EventType "swiss"]
[EventRounds "9"]
[EventCountry "USA"]

1. d4 Nf6 2. Bf4 b6 3. e3 Bb7 4. Nf3 g6 5. Be2 Bg7 6. O-O O-O 7. c4 d6 8. Nc3
Nbd7 9. Qc2 Qe8 10. Rfd1 Nh5 11. Bg5 h6 12. Bh4 g5 13. Bg3 f5 14. d5 Nxg3 15.
hxg3 Nc5 16. Nd4 Qf7 17. b4 Bxd4 18. exd4 Nd7 19. g4 e6 20. dxe6 Qxe6 21. gxf5
Qxf5 22. Qxf5 Rxf5 23. Bg4 Raf8 24. Bxf5 Rxf5 25. Nb5 Ba6 26. a4 Nf6 27. Rac1
Bxb5 28. axb5 g4 29. Rc2 h5 30. Ra1 h4 31. Re2 Kf8 32. Rxa7 g3 33. fxg3 hxg3
34. Rxc7 Ng4 35. Ra2 1-0

[Event "46th World Open"]
[Site "Philadelphia"]
[Date "2018.07.05"]
[Round "3"]
[White "Shetty, Atulya"]
[Black "Sevian, Samuel"]
[Result "0-1"]
[WhiteElo "2382"]
[BlackElo "2624"]
[PlyCount "150"]
[EventDate "2018.07.??"]
[EventType "swiss"]
[EventRounds "9"]
[EventCountry "USA"]

1. c4 e5 2. g3 Nf6 3. Bg2 d5 4. cxd5 Nxd5 5. Nc3 Nb6 6. Nf3 Nc6 7. O-O Be7 8.
b3 O-O 9. Bb2 Re8 10. Rc1 Bf8 11. d3 Nd4 12. e3 Nxf3+ 13. Bxf3 c6 14. Qe2 Bh3
15. Rfd1 Nd5 16. Nxd5 cxd5 17. Rc2 Qd6 18. Rdc1 Bd7 19. Bg2 Rad8 20. Qd2 Bf5
21. Bf1 Qb6 22. Bc3 Qd6 23. Bb2 a6 24. Qc3 Qg6 25. Qa5 h5 26. h4 Bd6 27. Qb6
Rb8 28. Rd2 Bd7 29. Bg2 Qe6 30. Qa5 Bb5 31. Rdd1 Rbc8 32. Qd2 Rcd8 33. Qe2 g6
34. Qf3 Bf8 35. Bf1 Bh6 36. Rc7 Rd7 37. Rxd7 Bxd7 38. Bg2 Bc6 39. Qe2 Rc8 40.
Ba1 Bg7 41. Rc1 Qd6 42. Bb2 Bh6 43. Rc2 Re8 44. Qe1 Bb5 45. Qc3 Bf8 46. Rc1 Bc6
47. Qe1 Qd8 48. Rc2 Qb6 49. Qc1 Qb5 50. d4 e4 51. Ba3 Bh6 52. Qd2 Qb6 53. Qb4
Qd8 54. Qe1 Qf6 55. Qd1 Kh7 56. Bb4 Rg8 57. Ba5 Qe7 58. Bb6 Qd6 59. Bc5 Qc7 60.
Kf1 Bb5+ 61. Kg1 Bc6 62. a4 Qd7 63. Bb6 Bg7 64. Kf1 Bf6 65. Ke1 Be7 66. Bc5 Bd8
67. Kd2 b5 68. axb5 Bxb5 69. Bf1 Bc7 70. Kc1 Rb8 71. Bxb5 Qxb5 72. Rb2 Ba5 73.
Qe2 Bc3 74. Ra2 Qxb3 75. Qc2 Qc4 0-1

[Event "46th World Open"]
[Site "Philadelphia"]
[Date "2018.07.05"]
[Round "3"]
[White "Xu, Grant"]
[Black "Puranik, Abhimanyu"]
[Result "0-1"]
[WhiteElo "2171"]
[BlackElo "2507"]
[PlyCount "118"]
[EventDate "2018.07.??"]
[EventType "swiss"]
[EventRounds "9"]
[EventCountry "USA"]

1. e4 e6 2. b3 c5 3. Bb2 b6 4. Nf3 Bb7 5. Nc3 Nc6 6. Be2 Nf6 7. O-O Qc7 8. Re1
a6 9. Bf1 Bd6 10. Nd5 Nxd5 11. exd5 Nd4 12. Nxd4 cxd4 13. Bxd4 Bxd5 14. Qh5 Kf8
15. c4 Bb7 16. Rac1 f6 17. c5 bxc5 18. Bxc5 Bxc5 19. d4 Qa5 20. dxc5 Bc6 21.
Re3 Rc8 22. Qd1 Kf7 23. Bc4 Rhd8 24. Qd3 Bb5 25. Qxh7 Rxc5 26. Rg3 Rg8 27. Rd1
Qc7 28. Bxb5 axb5 29. Qg6+ Kf8 30. Rgd3 d5 31. Qg4 Kf7 32. h4 Rc2 33. Re1 f5
34. Qg5 Qd8 35. Qe3 Re8 36. a3 Ra2 37. Qf3 Rh8 38. g3 Rxa3 39. Qe2 Ra6 40. Rc3
Rb6 41. Rec1 Rb7 42. Qe5 Re8 43. Rc7+ Rxc7 44. Rxc7+ Re7 45. Rc6 Qd7 46. Rb6
Re8 47. Qe2 d4 48. Qh5+ Ke7 49. Qh7 Kf6 50. Qh5 d3 51. Rb7 Qxb7 52. Qxe8 Qc7
53. f4 Qd6 54. h5 d2 55. Qg6+ Ke7 56. Qxg7+ Kd8 57. Qf6+ Kc7 58. Qc3+ Kb6 59.
Qe3+ Qc5 0-1

[Event "46th World Open"]
[Site "Philadelphia"]
[Date "2018.07.06"]
[Round "4.1"]
[White "Lenderman, Aleksandr"]
[Black "Le, Liem"]
[Result "1/2-1/2"]
[WhiteElo "2615"]
[BlackElo "2728"]
[PlyCount "100"]
[EventDate "2018.07.??"]
[EventType "swiss"]
[EventRounds "9"]
[EventCountry "USA"]

1. d4 Nf6 2. c4 e6 3. g3 d5 4. Bg2 dxc4 5. Nf3 c5 6. O-O Nc6 7. dxc5 Qxd1 8.
Rxd1 Bxc5 9. Nbd2 c3 10. bxc3 O-O 11. Nb3 Be7 12. Nfd4 Nxd4 13. cxd4 Nd5 14.
Bd2 f5 15. Na5 Re8 16. Rac1 Ba3 17. Rb1 b6 18. Nc4 Bf8 19. Ne3 Bb7 20. Nxd5
Bxd5 21. Bxd5 exd5 22. Rb5 Rxe2 23. Rxd5 g6 24. Kf1 Ree8 25. Rc1 Rad8 26. Rxd8
Rxd8 27. Be3 Bd6 28. a4 Kf7 29. Ke2 Ke6 30. Kd3 Kd5 31. Bf4 Rb8 32. Rb1 a6 33.
Bxd6 Kxd6 34. Ra1 Rb7 35. h4 b5 36. axb5 axb5 37. Ra6+ Kd5 38. Ra5 Rb6 39. f3
h6 40. g4 fxg4 41. fxg4 Rb8 42. Ra6 b4 43. Kc2 b3+ 44. Kb2 g5 45. Rxh6 gxh4 46.
Rxh4 Kxd4 47. Rh3 Ke4 48. Rxb3 Rxb3+ 49. Kxb3 Kf4 50. g5 Kxg5 1/2-1/2

[Event "46th World Open"]
[Site "Philadelphia"]
[Date "2018.07.06"]
[Round "4.2"]
[White "Swiercz, Dariusz"]
[Black "Nyzhnyk, Illia"]
[Result "1/2-1/2"]
[WhiteElo "2663"]
[BlackElo "2605"]
[PlyCount "105"]
[EventDate "2018.07.??"]
[EventType "swiss"]
[EventRounds "9"]
[EventCountry "USA"]

1. e4 e6 2. d4 d5 3. Nc3 Nf6 4. e5 Nfd7 5. f4 c5 6. Nf3 Nc6 7. Be3 Be7 8. Qd2
a6 9. Be2 O-O 10. O-O b5 11. Nd1 Qb6 12. c3 a5 13. Bf2 f5 14. exf6 Nxf6 15.
dxc5 Bxc5 16. Bxc5 Qxc5+ 17. Qe3 Qxe3+ 18. Nxe3 b4 19. Bb5 Na7 20. Bd3 bxc3 21.
bxc3 Bd7 22. c4 Nc6 23. cxd5 exd5 24. Rad1 Bg4 25. Bb5 Bxf3 26. Rxf3 Ne7 27.
Nc2 Nf5 28. Nd4 Nxd4 29. Rxd4 Rab8 30. a4 Rbc8 31. h3 Rc1+ 32. Kh2 h5 33. Re3
Kf7 34. Be2 Re8 35. Re5 h4 36. Bf3 Rf1 37. Bxd5+ Nxd5 38. Rdxd5 Rxe5 39. fxe5
Ke6 40. Rxa5 Ra1 41. Ra8 Kxe5 42. a5 Kf6 43. a6 Kg5 44. Ra7 g6 45. Ra8 Kf4 46.
Rf8+ Kg5 47. Ra8 Kf4 48. a7 Kg5 49. g4 Ra2+ 50. Kg1 Ra1+ 51. Kf2 Ra2+ 52. Ke3
Ra3+ 53. Kf2 1/2-1/2

[Event "46th World Open"]
[Site "Philadelphia"]
[Date "2018.07.06"]
[Round "4.3"]
[White "Ipatov, Alexander"]
[Black "Vorontsov, Pavlo"]
[Result "1/2-1/2"]
[WhiteElo "2650"]
[BlackElo "2564"]
[PlyCount "31"]
[EventDate "2018.07.??"]
[EventType "swiss"]
[EventRounds "9"]
[EventCountry "USA"]

1. d4 Nf6 2. c4 e6 3. Nf3 d5 4. Bg5 Bb4+ 5. Nbd2 h6 6. Bxf6 Qxf6 7. e3 O-O 8.
a3 Bxd2+ 9. Qxd2 c6 10. Rc1 Nd7 11. Qc3 Re8 12. Be2 dxc4 13. Ne5 c5 14. Nxd7
Bxd7 15. dxc5 Qg5 16. Bf3 1/2-1/2

[Event "46th World Open"]
[Site "Philadelphia"]
[Date "2018.07.06"]
[Round "4.4"]
[White "Flom, Gabriel"]
[Black "Batista, Lazaro"]
[Result "1/2-1/2"]
[WhiteElo "2515"]
[BlackElo "2646"]
[PlyCount "33"]
[EventDate "2018.07.??"]
[EventType "swiss"]
[EventRounds "9"]
[EventCountry "USA"]

1. d4 Nf6 2. c4 e6 3. Nc3 Bb4 4. g3 c5 5. Nf3 Nc6 6. Bg2 Ne4 7. Bd2 Nxd2 8.
Qxd2 cxd4 9. Nxd4 O-O 10. O-O Ne5 11. b3 a6 12. Rfd1 Qa5 13. Rac1 Ba3 14. Rb1
Bb4 15. Rbc1 Ba3 16. Rb1 Bb4 17. Rbc1 1/2-1/2